000 00658cam a22002173a 4500
001 33295
003 PGUSA
005 20140828083723.0
008 100730s2010||||xxu|||||s|||||000 | eng d
040 _aPGUSA
_beng
042 _adc
050 4 _aAE
245 1 0 _aEncyclopaedia Britannica, 11th Edition, Volume 5, Slice 6 :
_b"Celtes, Konrad" to "Ceramics"
_h[electronic resource] /
_cVarious
260 _bProject Gutenberg,
_c2010
506 _aPublic domain in the USA.
516 _aElectronic text
653 _aEncyclopedias and dictionaries
830 0 _aProject Gutenberg
_v33295
856 4 0 _uhttp://www.gutenberg.org/ebooks/33295
942 _cEB
999 _c262550
_d262550